[Event "Elite Hotels Vaxjo op"]
[Site "Vaxjo SWE"]
[Date "2017.02.10"]
[Round "4.8"]
[White "Kumar, Palash"]
[Black "Golubka, Petro"]
[Result "0-1"]
[WhiteElo "2223"]
[BlackElo "2416"]
[WhiteFideId "-1"]
[BlackFideId "-1"]
[PlyCount "90"]
[GameId "2130307635787021"]
[EventDate "2017.02.10"]
[EventType "swiss"]
[EventRounds "8"]
[EventCountry "SWE"]
[SourceTitle "10 Days #498"]
[Source "Chess Mix"]
[SourceDate "2017.02.20"]
[SourceVersion "1"]
[SourceVersionDate "2017.02.20"]
[SourceQuality "1"]

1. Nf3 f5 2. b3 Nf6 3. Bb2 e6 4. d3 Bb4+ 5. Nbd2 O-O 6. a3 Bxd2+ 7. Qxd2 d6 8. g3 e5 9. Bg2 c5 10. O-O Nc6 11. Nh4 d5 12. f4 e4 13. dxe4 fxe4 14. Rad1 d4 15. e3 Bg4 16. Rde1 Re8 17. h3 Bh5 18. Nf5 Bg6 19. Nh4 Bf7 20. Qf2 Rc8 21. g4 Nd5 22. exd4 e3 23. Qg3 cxd4 24. Nf5 Nde7 25. Be4 Nxf5 26. Bxf5 Rc7 27. Re2 Rce7 28. Qh4 Bg6 29. Bxg6 hxg6 30. Rd1 Qd5 31. Qg3 Qe4 32. b4 a6 33. a4 b5 34. axb5 axb5 35. Qg2 Kf7 36. c3 Rd7 37. cxd4 Nxb4 38. d5 Rxd5 39. Rxd5 Nxd5 40. Be5 Qxg2+ 41. Kxg2 Rxe5 42. fxe5 Nf4+ 43. Kf3 Nxe2 44. Kxe2 Ke6 45. Kxe3 Kxe5 0-1

[Event "Elite Hotels Vaxjo op"]
[Site "Vaxjo SWE"]
[Date "2017.02.11"]
[Round "5.4"]
[White "Golubka, Petro"]
[Black "Hector, Jonny"]
[Result "1/2-1/2"]
[WhiteElo "2416"]
[BlackElo "2501"]
[WhiteFideId "-1"]
[BlackFideId "-1"]
[PlyCount "69"]
[GameId "2130307635787035"]
[EventDate "2017.02.10"]
[EventType "swiss"]
[EventRounds "8"]
[EventCountry "SWE"]
[SourceTitle "10 Days #498"]
[Source "Chess Mix"]
[SourceDate "2017.02.20"]
[SourceVersion "1"]
[SourceVersionDate "2017.02.20"]
[SourceQuality "1"]

1. c4 e5 2. Nc3 Bb4 3. Nd5 a5 4. Nf3 e4 5. Nd4 Ne7 6. Qc2 O-O 7. Qxe4 Nxd5 8. cxd5 Re8 9. Qc2 Qg5 10. Qf5 Qh6 11. a3 Bf8 12. Nf3 d6 13. Qg5 Qxg5 14. Nxg5 Nd7 15. d3 Nc5 16. Be3 Nb3 17. Rd1 g6 18. Bd2 Nxd2 19. Rxd2 Bh6 20. f4 c6 21. g3 cxd5 22. Bg2 Bxg5 23. fxg5 Be6 24. Kf2 Rec8 25. e4 d4 26. e5 Rab8 27. exd6 b5 28. Re1 Rd8 29. b4 axb4 30. axb4 Rxd6 31. Re5 Ra6 32. Re4 Rd8 33. Re5 Rb8 34. Re4 Rd6 35. Re5 1/2-1/2

[Event "Elite Hotels Vaxjo op"]
[Site "Vaxjo SWE"]
[Date "2017.02.11"]
[Round "6.2"]
[White "Tikkanen, Hans"]
[Black "Golubka, Petro"]
[Result "0-1"]
[WhiteElo "2518"]
[BlackElo "2416"]
[WhiteFideId "-1"]
[BlackFideId "-1"]
[PlyCount "100"]
[GameId "2130307635787050"]
[EventDate "2017.02.10"]
[EventType "swiss"]
[EventRounds "8"]
[EventCountry "SWE"]
[SourceTitle "10 Days #498"]
[Source "Chess Mix"]
[SourceDate "2017.02.20"]
[SourceVersion "1"]
[SourceVersionDate "2017.02.20"]
[SourceQuality "1"]

1. e4 e5 2. Nf3 Nc6 3. Bb5 a6 4. Ba4 Nf6 5. O-O b5 6. Bb3 Be7 7. a4 Bb7 8. d3 O-O 9. Re1 d6 10. c3 b4 11. a5 Rb8 12. Bg5 h6 13. Bxf6 Bxf6 14. Bd5 bxc3 15. bxc3 Na7 16. Bxb7 Rxb7 17. c4 c6 18. Nc3 Qc7 19. Re2 Rfb8 20. Rc2 c5 21. Nd5 Qd8 22. Rcc1 Nc6 23. Qa4 Nb4 24. Nxb4 cxb4 25. Rcb1 Qc7 26. Rb3 Kh7 27. g3 g6 28. Ne1 Bg5 29. Qa2 h5 30. h4 Bh6 31. Qe2 Qc5 32. Nc2 Rf8 33. Ra4 f5 34. Raxb4 Rxb4 35. Nxb4 fxe4 36. dxe4 Qxa5 37. Nd5 Rf7 38. Rf3 Rb7 39. Rf6 Qa3 40. Qf3 Qxf3 41. Rxf3 Bc1 42. Rf6 Ba3 43. f4 Bc5+ 44. Kf1 exf4 45. gxf4 a5 46. e5 a4 47. e6 a3 48. e7 a2 49. Re6 a1=Q+ 50. Re1 Qd4 0-1

[Event "Elite Hotels Vaxjo op"]
[Site "Vaxjo SWE"]
[Date "2017.02.12"]
[Round "7.1"]
[White "Golubka, Petro"]
[Black "Akesson, Ralf"]
[Result "1/2-1/2"]
[WhiteElo "2416"]
[BlackElo "2420"]
[WhiteFideId "-1"]
[BlackFideId "-1"]
[PlyCount "23"]
[GameId "2130307635787066"]
[EventDate "2017.02.10"]
[EventType "swiss"]
[EventRounds "8"]
[EventCountry "SWE"]
[SourceTitle "10 Days #498"]
[Source "Chess Mix"]
[SourceDate "2017.02.20"]
[SourceVersion "1"]
[SourceVersionDate "2017.02.20"]
[SourceQuality "1"]

1. e4 e6 2. d4 d5 3. Nd2 dxe4 4. Nxe4 Bd7 5. Nf3 Bc6 6. Bd3 Nd7 7. O-O Ngf6 8. Ng3 Be7 9. Re1 Bxf3 10. Qxf3 c6 11. c3 O-O 12. h4 1/2-1/2

[Event "Elite Hotels Vaxjo op"]
[Site "Vaxjo SWE"]
[Date "2017.02.12"]
[Round "8.1"]
[White "Westerberg, Jonathan"]
[Black "Golubka, Petro"]
[Result "1/2-1/2"]
[WhiteElo "2469"]
[BlackElo "2416"]
[WhiteFideId "-1"]
[BlackFideId "-1"]
[PlyCount "39"]
[GameId "2130307635787084"]
[EventDate "2017.02.10"]
[EventType "swiss"]
[EventRounds "8"]
[EventCountry "SWE"]
[SourceTitle "10 Days #498"]
[Source "Chess Mix"]
[SourceDate "2017.02.20"]
[SourceVersion "1"]
[SourceVersionDate "2017.02.20"]
[SourceQuality "1"]

1. Nf3 d5 2. e3 c5 3. d4 Nc6 4. c3 e6 5. Bd3 Bd6 6. O-O Nf6 7. Nbd2 O-O 8. dxc5 Bxc5 9. b4 Bd6 10. Bb2 Ng4 11. b5 Nce5 12. Nxe5 Nxe5 13. Be2 b6 14. Rc1 a6 15. a4 axb5 16. axb5 Bb7 17. c4 dxc4 18. Bxe5 Bxe5 19. Nxc4 Bc7 20. Bf3 1/2-1/2

[Event "Lviv Tradition IM 2017.01"]
[Site "Lviv UKR"]
[Date "2017.01.23"]
[Round "1.1"]
[White "Sevostianov, Pavel"]
[Black "Golubka, Petro"]
[Result "0-1"]
[WhiteElo "2262"]
[BlackElo "2413"]
[WhiteFideId "-1"]
[BlackFideId "-1"]
[PlyCount "78"]
[GameId "2129404772159213"]
[EventDate "2017.01.23"]
[EventType "tourn"]
[EventRounds "9"]
[EventCountry "UKR"]
[SourceTitle "10 Days #496"]
[Source "Chess Mix"]
[SourceDate "2017.02.01"]
[SourceVersion "1"]
[SourceVersionDate "2017.02.01"]
[SourceQuality "1"]
[WhiteClock "0:01:27"]
[BlackClock "0:45:05"]

1. e4 c5 2. Nf3 d6 3. c3 Nf6 4. Bd3 Nc6 5. h3 e5 6. O-O d5 7. Bb5 dxe4 8. Nxe5 Qd5 9. Qa4 Bd6 10. Nxc6 O-O 11. d4 bxc6 12. Be2 Bc7 13. dxc5 Bxh3 14. Qd4 Qf5 15. Qe3 Bg4 16. Bxg4 Nxg4 17. Qg5 Qe6 18. Na3 Rad8 19. Nc2 Rd5 20. Nd4 Qd7 21. Qh4 Rxc5 22. f3 exf3 23. Rxf3 h5 24. Bf4 Bb6 25. Kh1 Rd5 26. Raf1 g6 27. Bc1 Bxd4 28. cxd4 Rxd4 29. b3 Rd1 30. Bb2 Qd3 31. Kg1 Rxf1+ 32. Rxf1 Qd2 33. Bc1 Qd4+ 34. Kh1 Re8 35. Qg3 c5 36. Qf3 f6 37. Qc6 Kf7 38. Ba3 Qe5 39. Bxc5 Qh2# 0-1

[Event "Lviv Tradition IM 2017.01"]
[Site "Lviv UKR"]
[Date "2017.01.24"]
[Round "2.1"]
[White "Golubka, Petro"]
[Black "Polulikh, Bogdan"]
[Result "1/2-1/2"]
[WhiteElo "2413"]
[BlackElo "2178"]
[WhiteFideId "-1"]
[BlackFideId "-1"]
[PlyCount "60"]
[GameId "2129404772159218"]
[EventDate "2017.01.23"]
[EventType "tourn"]
[EventRounds "9"]
[EventCountry "UKR"]
[SourceTitle "10 Days #496"]
[Source "Chess Mix"]
[SourceDate "2017.02.01"]
[SourceVersion "1"]
[SourceVersionDate "2017.02.01"]
[SourceQuality "1"]
[WhiteClock "0:31:28"]
[BlackClock "0:11:43"]

1. e4 e5 2. Nf3 Nf6 3. d3 Nc6 4. Be2 d5 5. Nbd2 dxe4 6. dxe4 Bc5 7. O-O O-O 8. c3 a5 9. Bb5 Bd7 10. a3 Qe7 11. Rb1 Rfd8 12. b4 axb4 13. axb4 Bb6 14. Qc2 Nd4 15. Nxd4 exd4 16. Bxd7 Rxd7 17. cxd4 Bxd4 18. h3 Qe6 19. Rb3 Re8 20. Re1 Qb6 21. Nf3 Rde7 22. Rd3 c5 23. bxc5 Bxc5 24. e5 Nd7 25. Bf4 Nf8 26. Bg5 Rd7 27. Red1 Rxd3 28. Rxd3 Ne6 29. Be3 Bxe3 30. Rxe3 Nd4 1/2-1/2

[Event "Lviv Tradition IM 2017.01"]
[Site "Lviv UKR"]
[Date "2017.01.24"]
[Round "3.1"]
[White "Nesterets, Anatoliy"]
[Black "Golubka, Petro"]
[Result "1/2-1/2"]
[WhiteElo "2416"]
[BlackElo "2413"]
[WhiteFideId "-1"]
[BlackFideId "-1"]
[PlyCount "60"]
[GameId "2129404772159223"]
[EventDate "2017.01.23"]
[EventType "tourn"]
[EventRounds "9"]
[EventCountry "UKR"]
[SourceTitle "10 Days #496"]
[Source "Chess Mix"]
[SourceDate "2017.02.01"]
[SourceVersion "1"]
[SourceVersionDate "2017.02.01"]
[SourceQuality "1"]
[WhiteClock "0:03:35"]
[BlackClock "0:57:18"]

1. e4 c5 2. Nf3 d6 3. d4 cxd4 4. Nxd4 Nf6 5. Nc3 a6 6. f4 Nc6 7. Nxc6 bxc6 8. e5 Nd7 9. Bc4 Nb6 10. Bd3 g6 11. Qf3 d5 12. f5 gxf5 13. Bxf5 Nc4 14. e6 Bxe6 15. Bxe6 fxe6 16. O-O Qd6 17. b3 Ne5 18. Qh5+ Ng6 19. Bb2 e5 20. Qf5 Bh6 21. Kh1 Be3 22. Na4 Rf8 23. Qh3 Ba7 24. Rxf8+ Nxf8 25. Rf1 d4 26. Bc1 Rd8 27. Nb2 Qg6 28. Qd3 c5 29. Re1 Qxd3 30. Nxd3 Nd7 1/2-1/2

[Event "Lviv Tradition IM 2017.01"]
[Site "Lviv UKR"]
[Date "2017.01.25"]
[Round "4.1"]
[White "Golubka, Petro"]
[Black "Terletsky, Oleg"]
[Result "1-0"]
[WhiteElo "2413"]
[BlackElo "2312"]
[WhiteFideId "-1"]
[BlackFideId "-1"]
[PlyCount "79"]
[GameId "2129404772159228"]
[EventDate "2017.01.23"]
[EventType "tourn"]
[EventRounds "9"]
[EventCountry "UKR"]
[SourceTitle "10 Days #496"]
[Source "Chess Mix"]
[SourceDate "2017.02.01"]
[SourceVersion "1"]
[SourceVersionDate "2017.02.01"]
[SourceQuality "1"]
[WhiteClock "0:59:30"]
[BlackClock "0:21:35"]

1. e4 e5 2. Nf3 Nc6 3. Bb5 a6 4. Ba4 Nf6 5. O-O Be7 6. Re1 b5 7. Bb3 d6 8. c3 O-O 9. d4 Bg4 10. d5 Na5 11. Bc2 c6 12. h3 Bh5 13. dxc6 Qc7 14. Nbd2 Qxc6 15. Nf1 Nc4 16. Ng3 Bg6 17. Nh4 Rfe8 18. Ngf5 Bf8 19. b3 Nb6 20. c4 bxc4 21. bxc4 Rec8 22. Bg5 Nxc4 23. Ba4 Qc5 24. Bb3 Qb4 25. Bxf6 gxf6 26. Rc1 Rc5 27. Qg4 Rac8 28. Rcd1 Kh8 29. Qe2 Na5 30. Bd5 Qb5 31. Qf3 Rc3 32. Ne3 Bg7 33. Nhf5 Qc5 34. h4 Nc6 35. Nxg7 Kxg7 36. h5 Nb4 37. h6+ Kf8 38. Qxf6 Nd3 39. Rxd3 Rxd3 40. Nf5 1-0

[Event "Lviv Tradition IM 2017.01"]
[Site "Lviv UKR"]
[Date "2017.01.25"]
[Round "5.1"]
[White "Kagramanianz, Vartan"]
[Black "Golubka, Petro"]
[Result "1/2-1/2"]
[WhiteElo "2301"]
[BlackElo "2413"]
[WhiteFideId "-1"]
[BlackFideId "-1"]
[PlyCount "60"]
[GameId "2129404772159233"]
[EventDate "2017.01.23"]
[EventType "tourn"]
[EventRounds "9"]
[EventCountry "UKR"]
[SourceTitle "10 Days #496"]
[Source "Chess Mix"]
[SourceDate "2017.02.01"]
[SourceVersion "1"]
[SourceVersionDate "2017.02.01"]
[SourceQuality "1"]
[WhiteClock "1:34:58"]
[BlackClock "1:37:50"]

1. d4 d5 2. Nf3 Nf6 3. Bg5 e6 4. e3 Be7 5. Bd3 c5 6. c3 Nc6 7. O-O Bd7 8. Nbd2 Qc7 9. dxc5 Bxc5 10. e4 Nxe4 11. Nxe4 dxe4 12. Bxe4 Be7 13. Bxe7 Nxe7 14. Re1 Bc6 15. Nd4 O-O 16. Nxc6 Nxc6 17. Bxc6 Qxc6 18. Qe2 Rad8 19. Rad1 g6 20. h3 a6 21. Rxd8 Rxd8 22. Rd1 Rxd1+ 23. Qxd1 e5 24. Qd2 Kg7 25. Qd3 h5 26. b3 f5 27. f3 Kf7 28. Kf2 Ke6 29. g4 hxg4 30. hxg4 Qc5+ 1/2-1/2

[Event "Lviv Tradition IM 2017.01"]
[Site "Lviv UKR"]
[Date "2017.01.26"]
[Round "6.1"]
[White "Golubka, Petro"]
[Black "Bunyatov, Rustam Faiq"]
[Result "1/2-1/2"]
[WhiteElo "2413"]
[BlackElo "2254"]
[WhiteFideId "-1"]
[BlackFideId "-1"]
[PlyCount "89"]
[GameId "2129404772159238"]
[EventDate "2017.01.23"]
[EventType "tourn"]
[EventRounds "9"]
[EventCountry "UKR"]
[SourceTitle "10 Days #496"]
[Source "Chess Mix"]
[SourceDate "2017.02.01"]
[SourceVersion "1"]
[SourceVersionDate "2017.02.01"]
[SourceQuality "1"]
[WhiteClock "0:45:45"]
[BlackClock "0:37:40"]

1. e4 e5 2. Nf3 Nc6 3. Bb5 a6 4. Ba4 Nf6 5. O-O Be7 6. Re1 b5 7. Bb3 d6 8. c3 O-O 9. d4 Bg4 10. d5 Na5 11. Bc2 c6 12. h3 Bd7 13. Nxe5 dxe5 14. d6 Bxd6 15. Qxd6 Nc4 16. Qd3 Be6 17. Qg3 Nd7 18. b3 Ncb6 19. f4 exf4 20. Bxf4 f6 21. Nd2 Ne5 22. Nf3 Nxf3+ 23. gxf3 Ra7 24. Rad1 Rd7 25. h4 Rff7 26. Qf2 Rxd1 27. Rxd1 Rd7 28. Rxd7 Nxd7 29. Qd4 Qa5 30. Qb4 Qb6+ 31. Qd4 Qa5 32. a4 bxa4 33. bxa4 Qh5 34. Qd6 Kf7 35. Kg2 Qxh4 36. Bg3 Qg5 37. Bb3 Bxb3 38. Qxd7+ Kg6 39. Qe8+ Bf7 40. Qxc6 h5 41. e5 Qd2+ 42. Bf2 Qg5+ 43. Bg3 Qd2+ 44. Bf2 Qg5+ 45. Bg3 1/2-1/2

[Event "Lviv Tradition IM 2017.01"]
[Site "Lviv UKR"]
[Date "2017.01.26"]
[Round "7.1"]
[White "Bykovskiy, Oleg"]
[Black "Golubka, Petro"]
[Result "0-1"]
[WhiteElo "2327"]
[BlackElo "2413"]
[WhiteFideId "-1"]
[BlackFideId "-1"]
[PlyCount "88"]
[GameId "2129404772159243"]
[EventDate "2017.01.23"]
[EventType "tourn"]
[EventRounds "9"]
[EventCountry "UKR"]
[SourceTitle "10 Days #496"]
[Source "Chess Mix"]
[SourceDate "2017.02.01"]
[SourceVersion "1"]
[SourceVersionDate "2017.02.01"]
[SourceQuality "1"]
[WhiteClock "0:11:11"]
[BlackClock "0:28:09"]

1. e4 c5 2. c3 e6 3. d4 d5 4. exd5 exd5 5. Nf3 Nc6 6. Bb5 a6 7. Bxc6+ bxc6 8. Ne5 Bd7 9. O-O cxd4 10. cxd4 Nf6 11. Bg5 Be7 12. Bxf6 Bxf6 13. Nxd7 Qxd7 14. Re1+ Kf8 15. Nc3 Rb8 16. Na4 g6 17. Nc5 Qa7 18. Qg4 Kg7 19. Qf4 h6 20. Rac1 Rxb2 21. Nd3 Rb6 22. h4 Qb8 23. Ne5 Re8 24. h5 g5 25. Qf5 Qc8 26. Nd7 Bxd4 27. Rxe8 Qxe8 28. Nxb6 Bxb6 29. Qc2 Bd4 30. Qd3 Qe5 31. Rd1 c5 32. g3 g4 33. Rd2 a5 34. a4 Qxh5 35. Qe2 Qf5 36. Qd1 Qe4 37. Rd3 h5 38. Kh2 Kg6 39. f3 Qf5 40. Kg2 Qe6 41. Qc2 f5 42. Qd2 Qe5 43. Qd1 gxf3+ 44. Qxf3 Qe4 0-1

[Event "Lviv Tradition IM 2017.01"]
[Site "Lviv UKR"]
[Date "2017.01.27"]
[Round "8.1"]
[White "Golubka, Petro"]
[Black "Lagashin, Pavel"]
[Result "1/2-1/2"]
[WhiteElo "2413"]
[BlackElo "2207"]
[WhiteFideId "-1"]
[BlackFideId "-1"]
[PlyCount "63"]
[GameId "2129404772159248"]
[EventDate "2017.01.23"]
[EventType "tourn"]
[EventRounds "9"]
[EventCountry "UKR"]
[SourceTitle "10 Days #496"]
[Source "Chess Mix"]
[SourceDate "2017.02.01"]
[SourceVersion "1"]
[SourceVersionDate "2017.02.01"]
[SourceQuality "1"]
[WhiteClock "0:55:04"]
[BlackClock "0:41:05"]

1. e4 c5 2. Nf3 Nc6 3. d4 cxd4 4. Nxd4 Qc7 5. Nb5 Qb8 6. c4 e6 7. Be3 a6 8. N5c3 Nf6 9. Be2 d6 10. O-O Be7 11. Na3 O-O 12. f4 Rd8 13. Bb6 Re8 14. Bf3 Nd7 15. Bf2 Nc5 16. Nc2 b5 17. b4 Na4 18. Nxa4 bxa4 19. a3 Bb7 20. Rb1 Qc7 21. Qd2 Rac8 22. Rfc1 Qb8 23. Ne3 Qa8 24. Nd1 Nb8 25. Qd3 Bc6 26. Nc3 Nd7 27. Re1 g6 28. Qd1 Nf6 29. Nxa4 Nxe4 30. Bxe4 Bxe4 31. Nb6 Qb7 32. Nxc8 1/2-1/2

[Event "Lviv Tradition IM 2017.01"]
[Site "Lviv UKR"]
[Date "2017.01.28"]
[Round "9.1"]
[White "Shpanko, Nadiia"]
[Black "Golubka, Petro"]
[Result "1/2-1/2"]
[WhiteElo "2018"]
[BlackElo "2413"]
[WhiteFideId "-1"]
[BlackFideId "-1"]
[PlyCount "61"]
[GameId "2129404772159253"]
[EventDate "2017.01.23"]
[EventType "tourn"]
[EventRounds "9"]
[EventCountry "UKR"]
[SourceTitle "10 Days #496"]
[Source "Chess Mix"]
[SourceDate "2017.02.01"]
[SourceVersion "1"]
[SourceVersionDate "2017.02.01"]
[SourceQuality "1"]
[WhiteClock "1:36:33"]
[BlackClock "1:09:10"]

1. e4 e5 2. Nf3 Nc6 3. Nc3 Nf6 4. d4 Bb4 5. d5 Ne7 6. Bd3 Ng6 7. O-O O-O 8. Bg5 h6 9. Bd2 d6 10. a3 Bxc3 11. bxc3 Bg4 12. h3 Bxf3 13. Qxf3 Nd7 14. Rab1 Rb8 15. Rb4 b6 16. Qg4 Nc5 17. Be3 a5 18. Rbb1 Kh7 19. Kh2 Qe7 20. Kg1 f6 21. Kh2 Qf7 22. Qf5 Kh8 23. Qh5 Nxd3 24. cxd3 f5 25. exf5 Ne7 26. Qxf7 Rxf7 27. c4 Nxf5 28. Kg1 g5 29. Rfe1 Rc8 30. Rf1 Nxe3 31. Rb2 1/2-1/2

[Event "Krakow op-A"]
[Site "Krakow POL"]
[Date "2016.12.27"]
[Round "1.17"]
[White "Golubka, Petro"]
[Black "Rodriguez Garcia, Manuel Francisco"]
[Result "1-0"]
[WhiteElo "2407"]
[BlackElo "2192"]
[WhiteFideId "-1"]
[BlackFideId "-1"]
[PlyCount "71"]
[GameId "2130307637197568"]
[EventDate "2016.12.27"]
[EventType "swiss"]
[EventRounds "9"]
[EventCountry "POL"]
[SourceTitle "10 Days #494"]
[Source "Chess Mix"]

1. b3 e5 2. Bb2 Nc6 3. e3 Nf6 4. Nf3 Bd6 5. Nc3 e4 6. Ng5 Be5 7. d4 exd3 8. Bxd3 Nd5 9. Nxf7 Nxc3 10. Qh5 g6 11. Bxg6 hxg6 12. Qxg6 Qf6 13. Nxe5+ Qxg6 14. Nxg6 Rh6 15. Nf4 Ne4 16. Nd5 Kf7 17. Nxc7 Rb8 18. a3 d6 19. Rd1 Bf5 20. f3 Ng3 21. Rg1 Rxh2 22. e4 Nxe4 23. fxe4 Bxe4 24. Rxd6 Rd8 25. Rf6+ Kg8 26. Ne6 Re8 27. Rgf1 Rxg2 28. Rf8+ Rxf8 29. Rxf8+ Kh7 30. Rh8+ Kg6 31. Nf4+ Kf5 32. Nxg2 Bxg2 33. Rh7 Nd8 34. Kd2 Ke6 35. a4 Nf7 36. Rg7 1-0

[Event "Krakow op-A"]
[Site "Krakow POL"]
[Date "2016.12.28"]
[Round "2.12"]
[White "Dietmayer Kraeutler, Marco"]
[Black "Golubka, Petro"]
[Result "0-1"]
[WhiteElo "2266"]
[BlackElo "2407"]
[WhiteFideId "-1"]
[BlackFideId "-1"]
[PlyCount "60"]
[GameId "2130307637197612"]
[EventDate "2016.12.27"]
[EventType "swiss"]
[EventRounds "9"]
[EventCountry "POL"]
[SourceTitle "10 Days #494"]
[Source "Chess Mix"]

1. d4 d5 2. c4 dxc4 3. Nc3 e5 4. dxe5 Qxd1+ 5. Kxd1 Be6 6. f4 Nc6 7. Nf3 O-O-O+ 8. Bd2 f6 9. e4 g6 10. exf6 Nxf6 11. Ng5 Bg8 12. g3 h6 13. Bh3+ Kb8 14. Nf3 Bb4 15. Re1 g5 16. Bg2 gxf4 17. gxf4 Bh7 18. Nh4 Ng4 19. Nd5 Nf2+ 20. Ke2 Bxd2 21. Kxf2 Rhf8 22. f5 Bxe1+ 23. Rxe1 Ne5 24. Re2 b5 25. Ke3 Bg8 26. Nf4 Bf7 27. Bf3 b4 28. Bh5 Rd3+ 29. Nxd3 cxd3 30. Rg2 Bxh5 0-1

[Event "Krakow op-A"]
[Site "Krakow POL"]
[Date "2016.12.29"]
[Round "3.1"]
[White "Golubka, Petro"]
[Black "Mista, Aleksander"]
[Result "1-0"]
[WhiteElo "2407"]
[BlackElo "2592"]
[WhiteFideId "-1"]
[BlackFideId "-1"]
[PlyCount "120"]
[GameId "2130307637201734"]
[EventDate "2016.12.27"]
[EventType "swiss"]
[EventRounds "9"]
[EventCountry "POL"]
[SourceTitle "10 Days #494"]
[Source "Chess Mix"]

1. b3 Nf6 2. Bb2 c5 3. Bxf6 gxf6 4. c4 b6 5. Nf3 Bb7 6. e3 e6 7. Nc3 f5 8. Rc1 Bg7 9. Be2 O-O 10. O-O Nc6 11. d4 cxd4 12. exd4 Ne7 13. d5 e5 14. g3 Ng6 15. Qc2 e4 16. Ne1 Qf6 17. Ng2 Rac8 18. Qd1 Rfe8 19. f3 Qd6 20. fxe4 fxe4 21. Bg4 Bh6 22. Rc2 Re7 23. Kh1 Rce8 24. Nb5 Qc5 25. Nd4 Bf8 26. Nf5 Re5 27. Nf4 d6 28. Nh5 Kh8 29. Nf6 Rd8 30. Re2 e3 31. Qd3 b5 32. Nxe3 bxc4 33. bxc4 Bc8 34. Bxc8 Qxc8 35. Nfg4 Rg5 36. Rf5 Rxf5 37. Nxf5 Bg7 38. Nxg7 Qxg4 39. Nf5 Ne5 40. Qe4 Qxe4+ 41. Rxe4 f6 42. g4 Kg8 43. Kg2 Kf7 44. Kg3 Ke8 45. Re3 Kd7 46. Ra3 Ra8 47. Rb3 Rc8 48. Rb7+ Rc7 49. Rxc7+ Kxc7 50. Ne7 Kb6 51. Ng8 Nd7 52. Kf4 Kc5 53. Kf5 Kxc4 54. Ke6 Nf8+ 55. Kxd6 h5 56. Nxf6 hxg4 57. Nxg4 a5 58. h4 a4 59. h5 Nh7 60. Ke7 Kxd5 1-0

[Event "Krakow op-A"]
[Site "Krakow POL"]
[Date "2016.12.29"]
[Round "4.2"]
[White "Sadzikowski, Daniel"]
[Black "Golubka, Petro"]
[Result "1-0"]
[WhiteElo "2547"]
[BlackElo "2407"]
[WhiteFideId "-1"]
[BlackFideId "-1"]
[PlyCount "113"]
[GameId "2130307637201779"]
[EventDate "2016.12.27"]
[EventType "swiss"]
[EventRounds "9"]
[EventCountry "POL"]
[SourceTitle "10 Days #494"]
[Source "Chess Mix"]

1. e4 e5 2. Nf3 Nc6 3. Bb5 a6 4. Ba4 d6 5. O-O Bg4 6. h3 Bh5 7. c3 Nf6 8. d3 b5 9. Bb3 Be7 10. Re1 Qd7 11. Nbd2 g5 12. a4 Rb8 13. axb5 axb5 14. Nf1 g4 15. hxg4 Bxg4 16. Ne3 Rg8 17. Nxg4 Qxg4 18. g3 Nh5 19. Nh2 Qh3 20. Kh1 Nd8 21. Rg1 Ne6 22. Qf1 Qxf1 23. Nxf1 Nc5 24. Bc2 b4 25. Ne3 Nf6 26. Kg2 b3 27. Bb1 Kd7 28. Nc4 Ra8 29. Rxa8 Rxa8 30. Be3 Na4 31. Kf3 h5 32. d4 Ng4 33. Bd3 Nxe3 34. fxe3 Nb6 35. Nxb6+ cxb6 36. Bc4 Bg5 37. Bxb3 h4 38. gxh4 Bxh4 39. Bd5 Rf8 40. Rh1 Bg5 41. Rh5 Bf6 42. Rh7 Ke7 43. Ke2 Bg5 44. Kd3 Kf6 45. Rh1 Kg6 46. Ra1 Rb8 47. Ra7 f5 48. exf5+ Kxf5 49. Rf7+ Bf6 50. Rd7 exd4 51. cxd4 Rd8 52. Rb7 Rh8 53. Rxb6 Rh2 54. b3 Be7 55. Rb7 Bg5 56. Rf7+ Bf6 57. Rd7 1-0

[Event "Krakow op-A"]
[Site "Krakow POL"]
[Date "2016.12.30"]
[Round "5.10"]
[White "Golubka, Petro"]
[Black "Skawinski, Arkadiusz"]
[Result "1/2-1/2"]
[WhiteElo "2407"]
[BlackElo "2340"]
[WhiteFideId "-1"]
[BlackFideId "-1"]
[PlyCount "28"]
[GameId "2130307637201809"]
[EventDate "2016.12.27"]
[EventType "swiss"]
[EventRounds "9"]
[EventCountry "POL"]
[SourceTitle "10 Days #494"]
[Source "Chess Mix"]

1. e4 e6 2. d4 d5 3. Nd2 Be7 4. Bd3 c5 5. dxc5 Nf6 6. Qe2 a5 7. Ngf3 Na6 8. exd5 exd5 9. Bb5+ Bd7 10. Bxd7+ Nxd7 11. Nd4 Naxc5 12. Nf5 Ne6 13. Qb5 Rc8 14. O-O Rxc2 1/2-1/2

[Event "Krakow op-A"]
[Site "Krakow POL"]
[Date "2016.12.31"]
[Round "6.9"]
[White "Gumularz, Szymon"]
[Black "Golubka, Petro"]
[Result "1/2-1/2"]
[WhiteElo "2297"]
[BlackElo "2407"]
[WhiteFideId "-1"]
[BlackFideId "-1"]
[PlyCount "61"]
[GameId "2130307637205930"]
[EventDate "2016.12.27"]
[EventType "swiss"]
[EventRounds "9"]
[EventCountry "POL"]
[SourceTitle "10 Days #494"]
[Source "Chess Mix"]

1. d4 b6 2. e4 Bb7 3. Bd3 e6 4. Nf3 c5 5. dxc5 Bxc5 6. Nbd2 Nc6 7. a3 Nf6 8. O-O Qc7 9. Qe2 Ng4 10. g3 h5 11. Nc4 b5 12. Ne3 Nge5 13. Nxe5 Nxe5 14. Ng2 a6 15. Be3 Bxe3 16. Qxe3 O-O 17. f4 Ng4 18. Qe2 f5 19. Kh1 h4 20. gxh4 Qc5 21. h3 Nf6 22. e5 Ne4 23. Bxe4 Bxe4 24. Rad1 Rfd8 25. Rd6 Qxc2 26. Qxc2 Bxc2 27. Rf2 Be4 28. Rfd2 Bc6 29. Kh2 Kf7 30. Ne3 Ke7 31. Nc2 1/2-1/2

[Event "Krakow op-A"]
[Site "Krakow POL"]
[Date "2017.01.02"]
[Round "7.8"]
[White "Golubka, Petro"]
[Black "Miroshnichenko, Pavel"]
[Result "1/2-1/2"]
[WhiteElo "2407"]
[BlackElo "2263"]
[WhiteFideId "-1"]
[BlackFideId "-1"]
[PlyCount "61"]
[GameId "2130307637205955"]
[EventDate "2016.12.27"]
[EventType "swiss"]
[EventRounds "9"]
[EventCountry "POL"]
[SourceTitle "10 Days #494"]
[Source "Chess Mix"]

1. b3 c5 2. Bb2 Nc6 3. e3 Nf6 4. g4 d5 5. g5 Ne4 6. h4 Bf5 7. Bh3 Qd7 8. d3 Nd6 9. Qf3 e6 10. Ne2 Bxh3 11. Qxh3 Nb4 12. Na3 Nb5 13. Kd2 Nxa3 14. Bxa3 c4 15. d4 a5 16. Bxb4 axb4 17. h5 Be7 18. Qg4 Qc6 19. Rhc1 c3+ 20. Ke1 f5 21. gxf6 gxf6 22. Nf4 Kd7 23. Ke2 Rhg8 24. Qh3 Rg5 25. h6 Rag8 26. Rh1 Qa6+ 27. Nd3 R8g6 28. Qf3 Rf5 29. Qh3 Rfg5 30. Qf3 Rf5 31. Ke1 1/2-1/2